书目信息 |
| 题名: |
公务员普通话培训与测试
|
|
| 作者: | 邢捍国, 编著 | |
| 分册: | ||
| 出版信息: | 北京 北京大学出版社 2005 |
|
| 页数: | 191页 | |
| 开本: | 21cm | |
| 丛书名: | ||
| 单 册: | ||
| 中图分类: | H102 | |
| 科图分类: | ||
| 主题词: | 普通话--pu tong hua--国家机关工作人员--培训--教材 , 普通话--pu tong hua | |
| 电子资源: | ||
| ISBN: | 7-301-08341-6 | |
| 000 | 00809nam0 2200229 45 | |
| 001 | 012005000000 | |
| 005 | 20061228152401.32 | |
| 010 | @a7-301-08341-6@dCNY22.00 | |
| 100 | @a20050427d2004 em y0chiy0121 ea | |
| 101 | 0 | @achi |
| 102 | @aCN@b110000 | |
| 105 | @ay z 000yy | |
| 200 | 1 | @a公务员普通话培训与测试@Agong wu yuan pu tong hua pei xun yu ce shi@f邢捍国编著 |
| 210 | @a北京@c北京大学出版社@d2005 | |
| 215 | @a191页@d21cm | |
| 330 | @a本书内容包括简明的普通话知识、丰富的练习材料、普通话水平测试及有关文件等内容。注重实用性、针对性和可读性, 可作为公务员普通话培训教材。 | |
| 606 | 0 | @a普通话@Apu tong hua@x国家机关工作人员@x培训@j教材 |
| 606 | 0 | @a普通话@Apu tong hua |
| 690 | @aH102@v4 | |
| 701 | 0 | @a邢捍国,@Axing han guo@f1965-@4编著 |
| 801 | 0 | @aCN@c20061228 |
| 905 | @a10447@dH102@eX6081 | |
| 公务员普通话培训与测试/邢捍国编著.-北京:北京大学出版社,2005 |
| 191页;21cm |
| ISBN 7-301-08341-6:CNY22.00 |
| 本书内容包括简明的普通话知识、丰富的练习材料、普通话水平测试及有关文件等内容。注重实用性、针对性和可读性, 可作为公务员普通话培训教材。 |
| ● |
| 相关链接 |
|
|
|
正题名:公务员普通话培训与测试
索取号:H102/X6081
 
预约/预借
| 序号 | 登录号 | 条形码 | 馆藏地/架位号 | 状态 | 备注 |
| 1 | 639738 | 206397380 | 语言库209/209语言库 70排2列3层/ [索取号:H102/X6081] | 在馆 | |
| 2 | 639739 | 206397399 | 语言库209/209语言库 70排2列3层/ [索取号:H102/X6081] | 在馆 | |
| 3 | 639740 | 206397406 | 语言库209/209语言库 70排2列3层/ [索取号:H102/X6081] | 在馆 |